MDQL
is popping MORE tags! Check the
thread
!
Quizzes
Events
Quiz Creation
Community
Videos
Private Events
Remove Ads
Sign In
Join for FREE
Feedback
Dark Mode
Quiz Categories
Sports
Geography
Music
Movies
Television
Just For Fun
Miscellaneous
History
Literature
Language
Science
Gaming
Entertainment
Religion
Holiday
For Kids
Quiz Lab
Recent
Popular Today
Quiz Kudos Today
Editor Picks
Curator Picks
Quizzes by...
Day
Popularity
Type
Ratings
Length
Year
Community
Subscriptions
Recent Discussions
Orange Saloon
Badges
Playlists
Quests
Create
Leaderboards
Showdown
Live 5
Trivia Bingo
Activity
Puzzle Library
Sporcle Events
Private Events
Virtual Trivia
Globe League
Become a Host
Pub Owners
SporcleCon
Opinionation
Our Games
Videos
Blog
Mobile Apps
Partnerships
Remove Ads and Go Orange
Feedback
Music
Pop Music
The Beatles
Song
Album
Lyrics
Bands
Singers
Artist
Clip
Rock
Rap
Classical
Billboard
Country Music
Kpop
Taylor Swift
Music
Pop Music
The Beatles
Song
Album
Lyrics
Bands
Singers
Artist
Clip
Rock
Rap
Classical
Billboard
Country Music
Kpop
Taylor Swift
Random Quiz
Search Sporcle
×
Quiz Lab
Quiz Lab
Music
Lyrics
Type in answers that appear in a list
Type in answers that appear in a list
Classic
Best Score? Go Orange.
Allstar Lyrics-First Half Stats
Can you name the Allstar Lyrics?
By
bravesboy93
6m
139 Questions
258 Plays
258 Plays
258 Plays
Comments
Comments
Give Quiz Kudos
Give Quiz Kudos
-
- Ratings
hide this ad
Replay
Link that replays current quiz
Next Quiz
Link to next quiz in quiz playlist
You Got
0%
They Got
Avg Score
86%
Avg Friend Score
Upgrade to see
Score Distribution
Jump to the score distribution portion of the page
Score
0/139
Timer
06:00
0
Plays Today
% Correct
the
100%
the
100%
the
100%
and
100%
the
100%
the
100%
and
100%
the
100%
and
100%
the
100%
the
100%
a
100%
the
100%
And
100%
the
100%
L
98.1%
on
98.1%
on
98.1%
on
98.1%
I
97.3%
I
97.3%
an
96.9%
an
96.9%
go
96.1%
go
96.1%
to
95.3%
to
95.3%
to
95.3%
to
95.3%
in
94.2%
in
94.2%
is
93.4%
her
93.4%
her
93.4%
her
93.4%
you
93.4%
you
93.4%
is
93.4%
with
93%
with
93%
dumb
92.6%
dumb
92.6%
was
92.2%
forehead
92.2%
Your
92.2%
your
92.2%
your
92.2%
% Correct
She
91.9%
looking
91.9%
finger
91.9%
get
91.9%
get
91.9%
get
91.9%
shape
91.1%
of
91.1%
all
91.1%
world
90.7%
tool
90.7%
shed
90.7%
me
90.3%
me
90.3%
sharpest
90.3%
thumb
90.3%
So
90.3%
so
90.3%
So
90.3%
Hey
90.3%
Hey
90.3%
ain't
89.9%
kinda
89.9%
now
89.9%
Allstar
89.9%
now
89.9%
told
88.8%
once
88.4%
Somebody
87.6%
rockstar
87.6%
game
86.8%
gonna
86.4%
don't
86%
don't
86%
don't
86%
you're
86%
you're
86%
do
85.7%
for
85.3%
play
84.1%
running
83.7%
Well
83.3%
hit
83.3%
coming
82.9%
they
82.9%
stop
82.9%
coming
82.9%
% Correct
ground
82.9%
start
82.6%
shooting
81.8%
stars
81.8%
that
81.4%
show
81%
Back
80.6%
back
80.6%
paid
80.6%
Only
79.8%
much
79.1%
much
79.1%
years
78.7%
gold
78.7%
roll
77.5%
head
77.1%
but
76.4%
wrong
76.4%
never
76.4%
never
76.4%
gets
76%
gets
76%
smart
75.6%
brain
75.2%
see
75.2%
if
75.2%
if
75.2%
glitters
75.2%
whats
74.4%
break
74.4%
taking
73.6%
make
73.3%
fun
73.3%
You'll
72.9%
You'll
72.9%
know
72.5%
shine
72.5%
live
72.1%
sense
70.9%
not
70.9%
mold
69.8%
glow
69.4%
streets
67.8%
Didn't
66.3%
rule
62.4%
Quiz Playlist
Details
Report
Send in Message
Add To Playlist
Classic:
Type in answers that appear in a list
Last Updated: Feb 16, 2017
Quiz Scoreboard
CHALLENGE
Sign Up to Join the Scoreboard
Show All
Scores
Hide
Comments
May contain spoilers
Recently Published
Two Season TV Shows II
by 123Four
Television
10m
Image Sorting: Flags VI
by Barbecue
Geography
2m
Find the 'City' Movie
by crazypaving
Movies
60s
More to Explore
Quiz From the Vault
Featured Blog Post
14 Easter Pick-up Lines to Find Eggs With
hide this ad
You Might Also Like...
Tags
Lyrics Quiz
Smash Mouth
Today's Top Quizzes in Music
Browse Music
hide this ad
Today's Top Quizzes in Lyrics
Browse Lyrics
Top Contributed Quizzes in Music
1
5X2 Blitz: Bands II
2
5X2 Blitz: The Beatles
3
Taylor Swift All Songs (2024)
4
5X2 Blitz: Billboard
5
5X2 Blitz: Billboard II
6
Music Artist by Three 2010s hits
7
5X2 Blitz: Album
8
5X2 Blitz: Rock
9
5X2 Blitz: Singers
10
5X2 Blitz: Lyrics
Explore More
Trending Topics
Crossword
Harry Potter
Marvel
NBA
Kpop
Disney
Anime
Puzzle
WWE
NFL
Song
Soccer
Country
Pokémon
The Office
hide this ad
More By:
bravesboy93
Quiz
Plays
Rating
Category
Featured
Created
Penalties in Man U vs Chelsea UCL Final
1,158
3.75
Sports
Dec 8, 2010
Wayne Rooney Profile
598
4.00
Sports
Mar 8, 2011
Goalscores in Manchester United 7-1 Roma
458
5.00
Sports
Oct 28, 2010
Opponents of Manchester United's 2011 Unbeaten Run
445
2.00
Sports
May 16, 2011
Wavin' Flag (World Cup Song) Lyrics
439
3.50
Music
Dec 7, 2010
Go to Creator's Profile
Score Distribution
Quiz Creator Spotlight
bravesboy93
Follow
Send a Message
Quizzes Created
-
Created Quiz Play Count
-
More By This Creator
Popular Quizzes Today
1
Find the US States - No Outlines Minefield
2
Colored Red Africa Blitz
3
Find the 'City' Movie
4
5x2 Blitz: Bands
5
The Countries of the World
6
Find the Countries of Europe - No Outlines Minefield
7
Find the US States
8
US States
More Music Quizzes
Song Lyrics Mystery - Pop Punk/Emo #1
Quiz Lab
Trending Quizzes
Colored Red Europe Blitz I
Colored Red Africa Blitz II
Colored Red Europe Blitz II
Even More Two Season TV Shows
Colored Red Africa Blitz III
Recently Updated
March Madness Men's Triple Doubles
pecheneg
How Do You Spell That?
pecheneg
Godzilla Movies
pecheneg
Grab Bag: 4-10 Letters
pecheneg
2024 March Madness Bracket
pecheneg
Famous TV Couples
Peacemaker
Champions League XIs: Real Madrid
pecheneg
Largest US Cities 1790-2010
pecheneg
Rides in Walt Disney World
pecheneg
Most Oscar Losses (Acting)
pecheneg
Trending Topics
Harry Potter
Disney
Crossword
Marvel
Anime
Kpop
NBA
Puzzle
Soccer
Pokémon
Country
WWE
NFL
Song
The Office
Your Account Isn't Verified!
In order to create a playlist on Sporcle, you need to verify the email address you used during registration. Go to your
Sporcle Settings
to finish the process.
Report this User
Report this user for behavior that violates our
Community Guidelines
.
Details:
Send Report
Go to the Sporcle.com Mobile Site →
Comments